=LDR 00000nam 2200000 4500 =001 INLIS000000000002542 =005 20130612090854 =008 ***********************************Ind** =035 ##$$0010-061300000002542 =041 ##$$a Ind =082 ##$$a 616.15 =090 ##$$a 616.15, Sup p =100 ##$$a Supandiman, Iman =245 ##$$a Pedoman terapi hematologi onkologi, Iman Supandiman =260 ##$$a 1997 $b Bandung =300 ##$$a viii,77 hlm, 21 cm =650 ##$$a Hematologi =850 ##$$a NBPNMAT =990 ##$$a DW99007215